000 00716nam a2200241Ia 4500
003 OSt
005 20220927105643.0
006 a|||||r|||| 00| 0
007 ta
008 220926b |||||||| |||| 00| 0 eng d
024 _a194518
037 _cReference Collections
040 _aRTL
_cRTL
_beng
041 _2eng
_aeng
082 _a"V2Y7N23, M6/TD"
100 _aBhattacharya Sabyasachi
_9373962
245 0 _aSituating Indian history for survepalli gopal
260 _aDelhi
_bOxford University Press India
_c1986
300 _a463p.
_ccm.
700 _a Thapar
_9373963
942 _h"V2Y7N23, M6/TD"
_cCC
999 _c693658
_d693658